| 000 | 00687nam a2200193Ia 4500 | ||
|---|---|---|---|
| 003 | GCL | ||
| 008 | 140319s9999 xx 000 0 ara d | ||
| 040 |
_aGCL / _cGCL |
||
| 082 | 0 | 4 |
_a417 _bص ل |
| 100 | 1 | _aصبحى عبدالحميد محمد عبدالكريم | |
| 245 | 1 | 0 |
_aاللهجات العربية فى معانى القران للغراء- دراسة نحوية وصدفية ولغوية / _cصبحى عبدالحميد محمد عبدالكريم |
| 260 |
_a[S.N] : _bدار الطباعة المحمدية ، _c1986 |
||
| 300 | _a453 ص | ||
| 490 | _a | ||
| 650 | 0 | 4 | _aالنحو |
| 650 | 0 | 4 | _aاللغة العربية |
| 650 | 0 | 4 | _aاللهجات |
| 942 |
_2ddc _cBK |
||
| 999 |
_c29726 _d29726 |
||